MARC
| LEADER | 00000nam a2200000Ia 4500 | ||
|---|---|---|---|
| 008 | 170316s9999 xx 000 0 und d | ||
| 090 | |a 230 S-2s | ||
| 110 | |a Sagrada Congregación para la Doctrina de la Fe | ||
| 245 | |a Instrucción sobre algunos aspectos de la Teología dela Liberación | ||
| 260 | |a San José, Costa Rica | ||
| 260 | |b Promesa | ||
| 260 | |c 1985 | ||
| 300 | |a 44 páginas | ||
| 650 | |a TEOLOGÍA | ||
| 999 | |c 18075 |d 18075 | ||
| 040 | |a cru BVZT | ||
| 942 | |c 15 D |h 230 S-2s |2 z | ||
